| 000 | 00908nam a2200205 i 4500 | ||
|---|---|---|---|
| 001 | 185836 | ||
| 003 | ES-MaACL | ||
| 005 | 20240524063013.0 | ||
| 008 | 160816s1898 sp af c |||| | spa d | ||
| 100 | 1 |
_aCrooke y Navarrot, Juan, _cConde viudo de Valencia de Don Juan, _d1839-1904 _9160478 |
|
| 245 | 1 | 0 |
_aCatálogo histórico-descriptivo de la Real Armería de Madrid / _cpor el conde Vdo. de Valencia de Don Juan. |
| 260 |
_aMadrid : _bFototipias de Hauser y Menet, _c1898 ( _fEst. Tip. "Sucesores de Rivadeneyra") |
||
| 300 |
_aXV, 447 p., XXVI h. de lám. : _bil. ; _c29 cm. |
||
| 530 | _aDisponible en formato digital. | ||
| 610 | 2 | 4 |
_aReal Armería de Madrid- _vCatálogos. _96102 |
| 710 | 2 |
_aHauser y Menet (Madrid) _94558 |
|
| 852 |
_aES-MaACL _jG-14565 |
||
| 856 |
_uhttps://archive.org/details/catlogohistricod00real/page/n6/mode/2up _zInternet Archive |
||
| 999 |
_c185836 _d185836 |
||